LEADER 01000nam a2200205 i 4500 001 000000015071 003 CaOOAMICUS 005 20180830125442.0 008 180830n it u000 u ita u 040 $aSeMil$bita 245 10$aAnalisi della cisl :$bfatti e giudizi di un'esperienza sindacale /$ca cura di Guido Baglioni. 260 $aRoma :$bEdizioni Lavoro,$c[198?] 300 $av. ;$c21 cm. 500 $aIn testa al front. : Centro studi nazionale cisl ; centro di studi sociali e sindacali. 610 24$aCISL .$0(OLS)http://semarc/subject/2472 700 1 $aBaglioni, Guido.$0(OLS)http://semarc/name/7034 773 0 $tTrent'anni di storia sindacale.$dRoma : Edizioni Lavoro, 1980.$w()15072 774 0 $tTomo 2.$kTrent'anni di storia sindacale$gTomo2$w()126159 996 $6245$aAnalisi della cisl :$bfatti e giudizi di un'esperienza sindacale$9(OLS)http://semarc/title/19978 996 $6260$aRoma :$bEdizioni Lavoro$9(OLS)http://semarc/publisher/31304 LEADER 01151nam a2200253 i 4500 001 000000062145 003 CaOOAMICUS 005 20220512114455.0 008 130716s1961 be u000 u fre u 013 $a33317 040 $aSeMil$bita 245 00$aFoi et réflexion philosophique :$bmèlanges Franz Grégoire /$cpar son exc. mgr H. Van Waeyenbergh ... [et al.]. 264 1$aGembloux :$bDuculot,$c1961. 300 $aP. 391-596, [1] c. di tav. :$britr. ;$c25 cm 490 1 $aBibliotheca Ephemeridum Theologicarum Lovaniensium ;$v19 650 4$aFede.$0(OLS)http://semarc/subject/589 700 1 $aWaeyenbergh, Honoré : van.$0(OLS)http://semarc/name/31533 700 1 $aGregoire, François.$0(OLS)http://semarc/name/34894 830 0$aBibliotheca Ephemeridum Theologicarum Lovaniensium ;$v19.$0(OLS)http://semarc/title/108 850 $aSeMil 852 $aSeMil$W1$xVenegono$y1$m2IA A 19$j28298$B28298$CSeMilBibl$Z2$F28301 $81 996 $6245$aFoi et réflexion philosophique :$bmèlanges Franz Grégoire$9(OLS)http://semarc/title/97797 996 $6264$aGembloux :$bDuculot$9(OLS)http://semarc/publisher/40823